General Knowledge Picture Puzzle Game #3 - Statistics

General Stats
  • This quiz has been taken 1,608 times
  • The average score is 11 of 17
Answer Stats
Hint Answer % Correct
HTML tutorial What is the first name of Disney? Walt
95%
HTML tutorial "Saving Private ____" (Movie) Ryan
93%
HTML tutorial Whati is the first name of Jamaican sprinter Bolt? Usain
90%
HTML tutorial In the name of the Father, and of the Son, and of the Holy Spirit. ____. Amen
88%
HTML tutorial Pyrophobia is fear of ____ Fire
88%
HTML tutorial What is the largest bone in human body? Femur
80%
HTML tutorial What is the name of Popeye's girlfriend? Olive Oyl
74%
HTML tutorial Whati is birth name of boxer Muhammad Ali? Cassius Clay
63%
HTML tutorial In what country you can find Komodo Dragons? Indonesia
63%
HTML tutorial Who was the first pope from Poland? John Paul II
58%
Ernesto "Che" Guevara
46%
HTML tutorial And his successor was from? Germany
45%
HTML tutorial "Only fools and ______" (TV show) Horses
45%
HTML tutorial Who wrote "The Hunchback of Notre-Dame"? Victor Hugo
43%
HTML tutorial What is the capital city of Queensland? Brisbane
42%
HTML tutorial Who wrote "The Godfather"? Mario Puzo
32%
HTML tutorial What HM band has song named "The Trooper"? Iron Maiden
19%
No matching quizzes found
Score Distribution
Percent of People with Each Score
Percentile by Number Answered
Your Score History
You have not taken this quiz